000 00877nam a2200253 i 4500
001 C2-0334538
003 PPAK
005 20180728134325.0
008 151108s2015 my a|||| ||||| | may d
020 _a9789834904135
040 _aPPAK
_beng
_cPPAK
_erda
082 0 4 _a923.7595
_223
090 0 0 _a923.7595
_bKAL
_dG
100 0 _aKalthom Husain,
_eauthor
245 1 0 _aRazak Sensei :
_bpemangkin jalinan Malaysia-Jepun
264 1 _aKuala Lumpur :
_bDewan Bahasa dan Pustaka ,
_c2015
300 _axix, 160 pages :
_bcolour illustrations, colour photographs ;
_c23 cm
336 _2rdacontent
_atext
337 _2rdamedia
_aunmediated
338 _2rdacarrier
_avolume
650 1 0 _aIncludes bibliographical refrences pages 153-156 and index. ; Abdul Razak abdul Hamid, Datuk, ; Teachers Malaysia ; Educators Malaysia
700 _eauthor
942 _ddc
_cB
999 _c133004
_d133004